| 000 | 00639nam a2200205 a 4500 | ||
|---|---|---|---|
| 005 | 20140412111350.0 | ||
| 008 | 050426s19uu xx 00 eng d | ||
| 020 | _a0-02-660947-9 | ||
| 050 |
_aTR(GS 372.4 _bB171 2000 |
||
| 100 | _aBaker, Tess | ||
| 245 |
_aThe bread shop : _bdecodable book / _cby Tess Baker ; illustrated by Olivia Cole. |
||
| 260 |
_aColumbus, Ohio : _bSRA/McGraw-Hill, _c2000. |
||
| 300 | _a8 p. ; ill. | ||
| 440 | _aSRA Open Court Reading | ||
| 500 | _aLevel C, Set 1, Book 17 | ||
| 650 |
_aReading _xPhonetics _xJuvenile literature |
||
| 650 |
_aBread _xFiction |
||
| 650 | _aChildren stories | ||
| 999 |
_c105310 _d105310 |
||